Money,media and the grass roots

Bibliographic Details
Main Author: Zisk, Betty
Format: Book
Published: London : Sage Publications , 1987
Subjects:

MARC

LEADER 00000cam a2200000 7i4500
001 0000004690
002 000005058
005 20000330.0
020 |a 0803927940 
090 0 0 |a 324.97300926   |b ZIS 
100 1 |a Zisk, Betty 
245 1 0 |a Money,media and the grass roots   |c Betty Zisk 
260 |a London :   |b Sage Publications ,   |c 1987 
300 |a 278 p. ;   |c 22cm. 
650 0 0 |a Elections   |z United States   |x Case studies 
999 |a 037444   |b BUKU   |c PINJAMAN   |e PERPUSTAKAAN KOMUNITI PETALING JAYA